Guía turística YPF: Patagonia y Antártida argentina
Guardat en:
| Autor corporatiu: | |
|---|---|
| Format: | Llibre |
| Idioma: | espanyol |
| Publicat: |
Buenos Aires
San Telmo
1998
|
| Edició: | 2a. ed |
| Matèries: | |
| Etiquetes: |
Afegir etiqueta
Sense etiquetes, Sigues el primer a etiquetar aquest registre!
|
MARC
| LEADER | 00000nam a2200000 a 4500 | ||
|---|---|---|---|
| 001 | UCN0564 | ||
| 003 | CL-VaPUC | ||
| 008 | 010330e19980000AG |||||||||||||||||spa|d | ||
| 082 | 0 | 4 | |a 918.204 |b YPF |2 21 |
| 110 | 2 | |a YPF S.A |e author |9 528661 | |
| 245 | 1 | 0 | |a Guía turística YPF: Patagonia y Antártida argentina |
| 250 | |a 2a. ed | ||
| 300 | |a 384 p | ||
| 942 | |c BK | ||
| 945 | |d 20010330 00:00:00 |a crobeson | ||
| 260 | |a Buenos Aires |b San Telmo |c 1998 | ||
| 650 | 7 | |a GUIAS TURISTICAS |2 CL-VaPUC |9 346990 | |
| 650 | 0 | |a Ciudades |9 265474 | |
| 650 | 0 | |a Turismo |9 308920 | |
| 650 | 0 | |a Mapas |9 260844 | |
| 651 | 0 | |a Patagonia |9 269580 | |
| 651 | 0 | |a Antártica (Antártida) |9 324088 | |
| 651 | 0 | |a Argentina |9 254888 | |
| 583 | |a last modification |c 20010330 00:00:00 |k Rodrigo Vera | ||
| 999 | |c 329611 |d 329609 | ||
| 952 | |0 0 |1 0 |4 0 |6 918_204000000000000_YPF_1998 |7 0 |8 P |9 414539 |a BIBARQ |b BIBARQ |d 2019-11-22 |i 1245732 |o 918.204 YPF 1998 |p 1245732 |r 2025-01-20 |w 2019-11-22 |y BK |k ARQ | ||